| 000 | 01767cam0 2200409 ib4500 | ||
|---|---|---|---|
| 001 | BY-HO0003-br172371 | ||
| 005 | 20250813111522.0 | ||
| 010 |
^a978-5-9908247-5-1 ^bв переплете ^d8р.28к. |
||
| 035 | ^a(BY-MI0006)BY-HO0003-br172371 | ||
| 100 | ^a20220203d2018 bc y0rusy50 ca | ||
| 101 | 0 | ^arus | |
| 102 | ^aRU | ||
| 105 | ^aa z 000fy | ||
| 109 | ^ama | ||
| 200 | 1 |
^aБабушка, что такое Терпение? ^e[для дошкольного и младшего школьного возраста] ^fИрина Данилова ^gхудожник Леонид Гамарц |
|
| 210 |
^aМосква ^cКапелька ^d2018 |
||
| 215 |
^a27, [4] с. ^cцв. ил. ^d24 см |
||
| 333 | ^a6+ | ||
| 345 | ^92000 экз. | ||
| 606 | 0 |
^aРАССКАЗЫ ^3BY-NLB-ar2670465 ^2DVNLB |
|
| 606 | 0 |
^aРУССКАЯ ЛИТЕРАТУРА ^3BY-NLB-ar28702 ^2DVNLB |
|
| 606 | 0 |
^aХУДОЖЕСТВЕННАЯ ЛИТЕРАТУРА ^3BY-NLB-ar37179 ^2DVNLB |
|
| 606 | 0 |
^aДЕТСКАЯ И ЮНОШЕСКАЯ ЛИТЕРАТУРА ^3BY-NLB-ar2691728 ^2DVNLB |
|
| 608 |
^aДЕТСКАЯ И ЮНОШЕСКАЯ ЛИТЕРАТУРА (художеств. произведение) ^3BY-NLB-ar9019 ^2BYGNR |
||
| 608 |
^aРАССКАЗ ^3BY-NLB-ar27475 ^2BYGNR |
||
| 686 |
^a84 ^2rubbk |
||
| 690 |
^a1 ^2Base ^9BY-MI0006 ^xRSEK |
||
| 700 | 1 |
^aДанилова ^bИ. С. ^gИрина Семеновна |
|
| 702 | 1 |
^aГамарц ^bЛ. ^gЛеонид ^cхудожник ^3BY-SEK-ar7609746 ^4040 |
|
| 801 | 0 |
^aBY ^bBY-HO0003 ^c20220203 ^gRCR |
|
| 801 | 2 |
^aBY ^bBY-HO0028 ^c20230502 |
|
| 801 | 2 |
^aBY ^bBY-HR0010 ^c20231024 ^gRCR |
|
| 801 | 2 |
^aBY ^bBY-MI0006 ^c20250813 ^gRCR |
|
| 899 | 0 |
^aBY-MI0006 ^iД18 ^h84 |
|